000 00307nam a22001337a 4500
008 170628b xxu||||| |||| 00| 0 eng d
020 _a393097994
041 _aeng
080 _a82
100 _a21
101 _aGJL
245 _aTHE NORTON ANTHOLOGY OF ENGLISH LITERATURE
_cABRAMS,M,H
942 _2udc
_cBK
999 _c19394
_d19394